UK Prime Ministers by ANY 3 Letters Quiz Stats

 Plays Quiz Updated Jul 12, 2016

Challenge
Share
Tweet
Embed
Score 0/75 Timer 03:00
4 Plays Today
% Correct
Thatcher
92.9%
Churchill
90.7%
Churchill
90.6%
Blair
89.4%
Cameron
89.1%
Campbell-Bannerman
87.2%
Brown
83.9%
Pitt
82.7%
May
82%
Wilson
80.9%
Wilson
80.5%
Chamberlain
75.7%
Gladstone
73.8%
Cavendish-Bentinck
73.4%
Cavendish-Bentinck
73.3%
Gladstone
73.2%
Gladstone
73.2%
Gladstone
73.2%
Compton
72.7%
Macmillan
70.6%
Major
68.9%
Wellesley
67.7%
Wellesley
67.4%
Watson-Wentworth
67.1%
Hamilton-Gordon
66.9%
Cavendish
66.1%
Robinson
65.1%
Smith-Stanley
64.8%
Smith-Stanley
64.8%
Smith-Stanley
64.7%
Jenkinson
64.6%
Disraeli
63%
Disraeli
62.9%
MacDonald
61.2%
MacDonald
60.6%
Addington
56.5%
Pitt
55.1%
Pitt
54.8%
% Correct
Douglas-Home
54.3%
Callaghan
53.4%
Temple
52.8%
Heath
52.4%
Grenville
52.3%
Grenville
51.4%
Temple
50.2%
Baldwin
49.3%
Baldwin
49%
Baldwin
49%
Attlee
48%
Lloyd-George
47.7%
Pelham-Holles
46%
Pelham-Holles
45.4%
Walpole
45.4%
Fitzroy
43.8%
Eden
43.4%
Asquith
41.6%
Balfour
38.6%
Canning
37.7%
Pelham
35.5%
Grey
32.2%
Peel
30.8%
Peel
30.7%
North
30.6%
Russell
28.9%
Russell
28.1%
Perceval
27.6%
Bonar Law
26.2%
Gascoyne-Cecil
25.8%
Gascoyne-Cecil
25.8%
Primrose
25.4%
Petty-FitzMaurice
25.4%
Gascoyne-Cecil
24.8%
Lamb
23.3%
Lamb
22.6%
Stuart
19.6%

You're not logged in!

Compare scores with friends on all Sporcle quizzes.
Join for Free
OR
Log In

You Might Also Like...

Show Comments

Extras

Top Quizzes Today


Score Distribution

Your Account Isn't Verified!

In order to create a playlist on Sporcle, you need to verify the email address you used during registration. Go to your Sporcle Settings to finish the process.

Report this User

Report this user for behavior that violates our Community Guidelines.

Details: